1837 1070 1592 1719 1817 1662 1991 1086 1454 1387 1265 1090 1835 1330 1531 1567 1596 1472 1400 1949 1554 1728 1859 1097 1588 1778 1756 1626 1777 1411 1485 1675 1615 1268 1336 1231 1828 1434 1774 1998 1017 1214 1643 1364 1797 1727 1753 1363 1547 1382 1848 1773 1572 1361 1740 1707 1133 1530 1762 1195 1669 1841 1323 1789 1836 1753 1784 1358 1733 1701 1078 1229 1329 1988 1654 1651 1105 1744 1696 1297 1703 1214 1576 1842 1292 1781 1951 1582 1770 1371 1753 1745 1514 1286 1020 1740 1634 1209 1527 BCNSPRNW ULIB Ver.6.0+V

เปลี่ยนเป็นภาษาไทย

Change to English
 แสดงรายละเอียดบรรณานุกรม
  กลับหน้าหลัก

Brief Record : Get Marc (ISO 2709) : E-mail record : QR code < ปิดหน้าต่าง
LEADER : 00000nam 2200000uu 4500
001    13399127130
003     ULIB
008    020711s2019 th a 000 0 eng d
020    ^a9780323479516
060    ^aWY160^bK29P
100    ^aKeltner, Norman L.
245    ^aPsychiatric Nursing
250    ^a8th ed
260    ^aLouis, Missouri :^bElsevier,^c2019
300    ^a506 pages;^b30 cm
650    ^aPsychiatric Nursing
650    ^aMental Disorders^xnursing
650    ^aNurse^xPatient Relations
650    ^aMental Disorders^xdrug therapy
650    ^aPsychotropic Drugs^xadministration & dosage
650    ^aPsychotherapy^xmethods
945    ^p3400^l0^i006320
999    ^aประนอม เกษจรัล
รายการนี้ยังไม่มีแท็ก
คุณยังไม่ได้ล็อกอิน คุณสามารถมีกิจกรรมร่วมกับเว็บไซต์ได้ แต่ต้องล็อกอินก่อน ::
  ล็อกอิน

รายการสื่อสารสนเทศ

ลำดับที่ ประเภท เลขเรียก/บาร์โค้ด สถานที่ สถานะ
1. Book การพยาบาล
Book การพยาบาล
WY160 K29P ฉ.1 
  Barcode: 006320
ห้องสมุดวิทยาเขตสวรรค์ประชารักษ์
►หนังสือทั่วไป
ถูกยืม กำหนดส่งวันที่ 31 พฤษภาคม 2569
  จอง

รายการใกล้เคียง
    ชื่อเรื่อง [Psychiatric Nursing]

    หัวเรื่อง [Psychiatric Nursing]
    หัวเรื่อง [Mental Disorders nursing]

BibComment


ยังไม่เคยถูกคอมเมนท์

คอมเมนท์ทรัพยากรรายการนี้
  คอมเมนท์: Psychiatric Nurs..


 Copyright 2026. Bcnsprnw @Library